000 00932nas a2200313 4500
001 BR2013001565
003 BR-BrBNA
005 20231205121945.0
007 ta
008 230509b bl.|||p| |||| 00| 00por d
040 _aBR-BrBNA
_bpor
_cBiblioteca Nacional de Agricultura
041 _a(En)
072 _aM12
100 1 _aFernandes, A.P.C.
100 1 _aBraghin, L. de S.M.
100 1 _aNedli, J.
100 1 _aPalazzo, F.
100 1 _aLansac-Tôha, F.A.
100 1 _aBonecker, C.C.
245 1 _aPassive zooplankton community in different environments of a neotropical floodplain
650 _aPLANCTON
650 _aMEIO AMBIENTE
650 _aPLANICIE
650 _aINUNDAÇÃO
650 _aPARANÁ
773 0 _tActa Scientiarum. Biological Sciences (Brazil)
_xISSN 1679-9283
_g(Oct-Dec 2012), v. 34(4) p. 413-418
_wBR2013001565
909 _a202311
_bLúcia
_c55
_dLúcia Elande
942 _2AGRIS
_n0
_cANA
999 _c226138
_d226138